[Event "IECC P email"]
[Site "IECC email"]
[Date "2001.03.16"]
[Round "?"]
[White "Ostrovskij, Jori"]
[Black "Lopez, Agustin Murillo"]
[Result "0-1"]
[WhiteElo "1280"]
[BlackElo "1154"]
[PlyCount "40"]
[EventDate "2001.??.??"]
[EventType "tourn (corr)"]
[EventRounds "6"]
[SourceTitle "Corr 2008"]
[Source "ChessBase"]
[SourceDate "2008.06.24"]
[SourceVersion "1"]
[SourceVersionDate "2008.06.24"]
[SourceQuality "1"]

1. d4 g6 2. Nf3 Bg7 3. e3 d6 4. b3 d5 5. Bd3 Bg4 6. Nbd2 e5 7. h3 Bxf3 8. Qxf3 c6 9. Qd1 e4 10. Be2 Ne7 11. 0-0 0-0 12. Ba3 Re8 13. c4 h5 14. Qc2 Nf5 15. Rac1 Qg5 16. Rfe1 Na6 17. Qc3 c5 18. Qa5 cxd4 19. cxd5 dxe3 20. f4 Qxf4 0-1

[Event "IECC TH-T email"]
[Site "IECC email"]
[Date "2000.05.24"]
[Round "?"]
[White "Cherner, Lyle"]
[Black "Lopez, Agustin Murillo"]
[Result "1/2-1/2"]
[WhiteElo "1423"]
[BlackElo "1075"]
[PlyCount "37"]
[EventDate "2000.??.??"]
[EventType "match (corr)"]
[EventRounds "2"]
[SourceTitle "Corr 2008"]
[Source "ChessBase"]
[SourceDate "2008.06.24"]
[SourceVersion "1"]
[SourceVersionDate "2008.06.24"]
[SourceQuality "1"]

1. e4 d6 2. d4 Nf6 3. Nc3 g6 4. f4 Bg7 5. Nf3 0-0 6. Bd3 d5 7. e5 Ne8 8. 0-0 c6 9. Ne2 Bg4 10. c3 e6 11. b3 f6 12. Ba3 Rf7 13. exf6 Rxf6 14. Ne5 Bf5 15. Ng3 Bxd3 16. Qxd3 Nd7 17. Qe3 Nxe5 18. fxe5 Rxf1+ 19. Rxf1 1/2-1/2

[Event "IECC P email"]
[Site "IECC email"]
[Date "1999.09.23"]
[Round "?"]
[White "Hodges, Peter F"]
[Black "Lopez, Agustin Murillo"]
[Result "0-1"]
[WhiteElo "999"]
[BlackElo "1028"]
[PlyCount "40"]
[EventDate "1999.??.??"]
[EventType "tourn (corr)"]
[EventRounds "6"]
[SourceTitle "Corr 2008"]
[Source "ChessBase"]
[SourceDate "2008.06.24"]
[SourceVersion "1"]
[SourceVersionDate "2008.06.24"]
[SourceQuality "1"]

1. d4 c6 2. Nf3 Nf6 3. c4 g6 4. Nc3 Bg7 5. e4 d5 6. cxd5 cxd5 7. e5 Ne4 8. Bb5+ Bd7 9. 0-0 Nxc3 10. Bxd7+ Nxd7 11. bxc3 0-0 12. Ba3 Nb6 13. Nd2 Qd7 14. f4 Na4 15. Qb3 Rfc8 16. c4 dxc4 17. Nxc4 Qxd4+ 18. Ne3 Rc3 19. Qxb7 Qxe3+ 20. Rf2 Nb6 0-1